000 00511nam a2200181 a 4500
001 000022868
005 20200930021839.0
008 101119s1986 po r 000 0 por d
040 _aDO-SdBNP
_bspa
_cBNPHU
082 _aB869.4
_bR175m, 1986
100 1 _aRamos, Graciliano,
_d1892-1953
_927661
245 1 0 _aMemórias do cárcere : /
_cGraciliano Ramos.
250 _a21a ed.
260 _aSão Paulo :
_bRecord,
_c1986.
300 _av.2 ;
_c21 cm.
650 4 _aLiteratura portuguesa
_912952
049 _aBNGR
999 _c22365
_d22365